000 nam a22 7a 4500
999 _c7516
_d7516
008 170920b xxu||||| |||| 00| 0 eng d
100 _aBerger Carl F
_94043
245 _aScience
260 _aUnited Stats of America
_bHoughton Mifflin Publisher
_c1979